Normal view
MARC view
- P Grassberger, G T Barkema., W Nadler
Entry Personal Name
001 - CONTROL NUMBER
- control field: 20559
003 - CONTROL NUMBER IDENTIFIER
- control field: NUST
005 - DATE AND TIME OF LATEST TRANSACTION
- control field: 20190913055341.0
008 - FIXED-LENGTH DATA ELEMENTS
- fixed length control field: 190913|| aca||aabn | a|a d
040 ## - CATALOGING SOURCE
- Original cataloging agency: NUST
- Transcribing agency: NUST
100 ## - HEADING--PERSONAL NAME
- Personal name: P Grassberger, G T Barkema., W Nadler
670 ## - SOURCE DATA FOUND
- Source citation: Work cat.: (NUST): P Grassberger, G T Barkema., W Nadler, Workshop on Monte Carlo Approach to Biopolymers and Protein Folding, 1998
